Largest M Countries - Statistics

General Stats
  • This quiz has been taken 620 times
  • The average score is 7 of 10
Answer Stats
area country % Correct
17 Mexico
87%
10 Mali
86%
13 Mongolia
85%
9 Mauritania
84%
7 Mozambique
74%
5 Madagascar
71%
3 Malaysia
70%
4 Morocco
68%
6 Myanmar
64%
1 Malawi
56%
No matching quizzes found
Score Distribution
Percent of People with Each Score
Percentile by Number Answered
Your Score History
You have not taken this quiz